Management
Αποθηκεύτηκε σε:
| Κύριος συγγραφέας: | |
|---|---|
| Άλλοι συγγραφείς: | , |
| Μορφή: | Βιβλίο |
| Γλώσσα: | English |
| Δημοσίευση: |
New York :
McGraw-Hill,
c1984
|
| Έκδοση: | 8th ed. |
| Σειρά: | McGraw-Hill series in management
|
| Θέματα: | |
| Ετικέτες: |
Προσθήκη ετικέτας
Δεν υπάρχουν, Καταχωρήστε ετικέτα πρώτοι!
|
MARC
| LEADER | 00000cam a2200000 i 4500 | ||
|---|---|---|---|
| 001 | 1/58467 | ||
| 008 | 951120s1984 eng d | ||
| 020 | |a 0070354871 |c $28.95 (est.) | ||
| 035 | |l 10028370 | ||
| 040 | |a GR-MY-UA |b gre |e aacr | ||
| 041 | 0 | |a eng | |
| 082 | 0 | |a 658.4 |2 (19) | |
| 100 | 1 | |a Koontz, Harold |d 1908- | |
| 245 | 1 | 0 | |a Management / |c Harold Koontz, Cyril O'Donnell, Heinz Weihrich |
| 250 | |a 8th ed. | ||
| 260 | |a New York : |b McGraw-Hill, |c c1984 | ||
| 300 | |a xxi, 682 σ.; |b εικ.; |c 25 εκ. | ||
| 490 | 1 | |a McGraw-Hill series in management | |
| 504 | |a Περιλαμβάνει βιβλιογραφικές παραπομπές και ευρετήριο | ||
| 650 | 0 | 0 | |a Management. |
| 650 | 0 | 0 | |a Industrial management. |
| 700 | 1 | |a O'Donnell, Cyril |d 1900- | |
| 700 | 1 | |a Weihrich, Heinz. | |
| 830 | 0 | |a McGraw-Hill series in management | |
| 852 | |a INST |b CHIOS |e 19951120 |h 658.4 KOO |p 005200004458 |q 005200004458 |t BK |y 0 | ||
| 909 | |a Χ |b 000726 | ||